000 00750nam a2200289Ia 4500
005 20260324121148.0
008 008 260324s9999 xx 000 0 eng d
020 _a9780203077672
037 _aEBOOK
040 _aCRL
040 _beng
040 _cCRL
041 _2eng
041 _aeng
084 _qCRL
100 _aSandra Schamroth Abrams
_91161430
245 0 _aIntegrating Virtual and Traditional Learning in 6-12 Classrooms
245 2 _bA Layered Literacies Approach to Multimodal Meaning Making
260 _bTaylor and Francis
260 _c2014
365 _a
365 _b230
856 _uhttp://www.taylorfrancis.com/books/9780203077672
942 _cEBOOK
999 _c1753360
_d1753360